Normal view
MARC view
- BATTLEFIELD; DIGITIZED BATTLEFIELD
Entry Topical Term
001 - CONTROL NUMBER
- control field: 60471
003 - CONTROL NUMBER IDENTIFIER
- control field: NUST
005 - DATE AND TIME OF LATEST TRANSACTION
- control field: 20210628202544.0
008 - FIXED-LENGTH DATA ELEMENTS
- fixed length control field: 210628|| aca||aabn | a|a d
040 ## - CATALOGING SOURCE
- Original cataloging agency: NUST
- Transcribing agency: NUST
150 ## - HEADING--TOPICAL TERM
- Topical term or geographic name entry element: BATTLEFIELD; DIGITIZED BATTLEFIELD
670 ## - SOURCE DATA FOUND
- Source citation: Work cat.: (NUST): Frater, Michael.R Ryan, Michael.J 60470, Tactical communications for the digitized battlefield, 2002
